<?xml version="1.0" encoding="UTF-8"?>
<collection xmlns:xsi="http://www.w3.org/2001/XMLSchema-instance" xsi:schemaLocation="http://www.loc.gov/MARC21/slim http://www.loc.gov/standards/marcxml/schema/MARC21slim.xsd" xmlns="http://www.loc.gov/MARC21/slim">
 <record>
  <leader>00000cam a22000001a 4500</leader>
  <controlfield tag="001">UP-1685675941123680941</controlfield>
  <controlfield tag="003">Buklod</controlfield>
  <controlfield tag="005">20071009080131.0</controlfield>
  <controlfield tag="006">aa         |||1 u|</controlfield>
  <controlfield tag="007">ta</controlfield>
  <controlfield tag="008">050929s1987    xx     erb   |001 0|eng d</controlfield>
  <datafield tag="020" ind1=" " ind2=" ">
   <subfield code="a">0134534646</subfield>
  </datafield>
  <datafield tag="035" ind1=" " ind2=" ">
   <subfield code="a">(iLib)UPTAC-00000000691</subfield>
  </datafield>
  <datafield tag="040" ind1=" " ind2=" ">
   <subfield code="a">DML</subfield>
   <subfield code="d">UPVTC</subfield>
  </datafield>
  <datafield tag="041" ind1="0" ind2=" ">
   <subfield code="a">eng</subfield>
  </datafield>
  <datafield tag="090" ind1=" " ind2=" ">
   <subfield code="a">H 29 P5</subfield>
   <subfield code="b">F58 1987</subfield>
  </datafield>
  <datafield tag="245" ind1="0" ind2="0">
   <subfield code="a">Foundations of behavioral sciences</subfield>
   <subfield code="b">a book of readings</subfield>
   <subfield code="c">Prepared by the Social Science I Committee, University of the Philippines College of Social Sciences and Philosophy.</subfield>
  </datafield>
  <datafield tag="264" ind1=" " ind2="1">
   <subfield code="a">Diliman, Quezon City</subfield>
   <subfield code="b">U. P. College of Social Sciences and Philosophy</subfield>
   <subfield code="c">1987.</subfield>
  </datafield>
  <datafield tag="300" ind1=" " ind2=" ">
   <subfield code="a">505 p.</subfield>
   <subfield code="c">22 cm.</subfield>
  </datafield>
  <datafield tag="505" ind1="0" ind2=" ">
   <subfield code="a">Table of Contents: Introduction: An Approach to the Teaching of Social Sciences -- Man's Adaptation Under Physico-Cultural Environments -- Elements of the Physical Environment -- The Variety of Physical Environments - Among Pacific Islands -- Global Environmental Regions -- Natural Hazards -- The Earth: A Spherical Platform in Space - Geochronology -- The Quarternary Period -- Man's Role in Changing the Land -- Conservation of the Physical Environment -- From Ape Toward Man -- Human Adaptation -- The Physical Basis of Language Use in Primates -- Culture As Adaptation -- What is Language -- Language Files -- Tagalog and Other Major Languages of the Philippines -- Man in Society, Society in Man -- Introduction to Sociology -- Types of Societies -- Basic Characteristics of an Institution -- Social Groups -- Social Stratification -- Social Processes -- Social Change and Modernization -- Center, Periphery and the Crisis of the System -- Development: Myths and Realities -- Transnational Corporations and Neo-Colonial Industrialization -- Rethinking Development -- Introduction to Population -- Population and Health -- Growth and Distribution of Population -- Socialization -- Deviance -- The Play and the Players -- The Ecology of Language -- Introduction to Man, the Individual -- Man, the Individual -- Pakikiramdam in Filipino Social Interaction -- Filipino Psychology in the Third World.</subfield>
  </datafield>
  <datafield tag="650" ind1=" " ind2="0">
   <subfield code="a">Social sciences</subfield>
   <subfield code="x">Study and teaching</subfield>
   <subfield code="z">Philippines.</subfield>
  </datafield>
  <datafield tag="856" ind1="4" ind2="1">
   <subfield code="3">Table of contents only</subfield>
   <subfield code="u">https://drive.google.com/file/d/1wQwuptwI7X2oCXXCc6fdp2TnhHJQq881/view?usp=sharing</subfield>
  </datafield>
  <datafield tag="905" ind1=" " ind2=" ">
   <subfield code="a">FI</subfield>
  </datafield>
  <datafield tag="852" ind1="0" ind2=" ">
   <subfield code="a">UPTAC</subfield>
   <subfield code="b">UPTAC</subfield>
   <subfield code="h">H 29 P5</subfield>
   <subfield code="i">F58 1987</subfield>
  </datafield>
  <datafield tag="942" ind1=" " ind2=" ">
   <subfield code="a">Book</subfield>
  </datafield>
 </record>
</collection>
